[Event "Tabor op"]
[Site "Tabor"]
[Date "2005.08.??"]
[Round "6"]
[White "Maxera, David"]
[Black "Odehnalova, Andrea"]
[Result "1-0"]
[WhiteElo "1942"]
[BlackElo "1573"]
[PlyCount "57"]
[EventDate "2005.07.30"]
[EventType "swiss"]
[EventRounds "9"]
[EventCountry "CZE"]
[SourceTitle "EXT 2006"]
[Source "ChessBase"]
[SourceDate "2005.11.24"]
[SourceVersion "1"]
[SourceVersionDate "2005.11.24"]
[SourceQuality "1"]

1. e4 e5 2. Nf3 Nc6 3. Bc4 Bc5 4. c3 Nf6 5. d4 exd4 6. cxd4 Bb4+ 7. Nc3 Nxe4 8. 0-0 Bxc3 9. d5 Ne7 10. bxc3 0-0 11. Re1 Nf6 12. Bg5 Ng6 13. h4 d6 14. h5 Nh8 15. h6 Ng6 16. hxg7 Kxg7 17. Qd2 Rg8 18. Bh6+ Kh8 19. Ng5 Rf8 20. Qd4 Kg8 21. Ne4 Ne8 22. Bb5 Ne5 23. f4 Nd7 24. Bxf8 Nxf8 25. Bxe8 Nd7 26. Ng5 Ne5 27. Rxe5 dxe5 28. Bxf7+ Kf8 29. Qxe5 1-0